Holiday Quiz

Random Holiday or NFL Quiz

Thanksgiving A to Z Quiz Stats

 Plays Quiz Updated Nov 23, 2016

Score 0/26 Timer 10:00
3 Plays Today
Letter Answer % Correct
BBlack Friday
95.7%
CCanada
93%
TTurkey
92.7%
NNovember
92.4%
EEating
91.9%
KKitchen
89.5%
MMacy's
88.7%
ZZoo
88.3%
PPilgrims
88.2%
YYam
86%
IIndians
84.8%
XXmas
83%
LAbraham Lincoln
82.5%
Letter Answer % Correct
DDetroit
80.7%
RFranklin D. Roosevelt
78.6%
WGeorge Washington
77.8%
QQuality time
73.6%
VVenison
62.2%
JJingle Bells
55.4%
O'Over the River and Through the Wood'
40%
AAlice's Restaurant
31.7%
SSquanto
29%
GGiving Tuesday
15.9%
FFree Birds
12.1%
UUnthanksgiving Day
8.7%
HSarah Josepha Hale
7.7%

You're not logged in!

Compare scores with friends on all Sporcle quizzes.
OR
Log In

Sporcle TV

Today on Sporcle TV


Watch our educational content, quiz creation guides, and fun videos on Sporcle TV.

Show Comments

Extras

Top Quizzes Today


Score Distribution

Your Account Isn't Verified!

In order to create a playlist on Sporcle, you need to verify the email address you used during registration. Go to your Sporcle Settings to finish the process.

Report this User

Report this user for behavior that violates our Community Guidelines.

Details: